Atlas fotográfico de los invertebrados acuáticos de la cuenca del río Júcar en la provincia de Albacete (Record no. 177263)

MARC details
000 -LEADER
campo de control de longitud fija 01239nam a2200313 4500
001 - NÚMERO DE CONTROL
campo de control 177263
003 - IDENTIFICADOR DE NÚMERO DE CONTROL
campo de control ES-MaACL
005 - FECHA Y HORA DE LA ÚLTIMA TRANSACCIÓN
campo de control 20230907110447.0
008 - DATOS DE LONGITUD FIJA--INFORMACIÓN GENERAL
campo de control de longitud fija 110310s2009 sp aeo |||| | spa d
017 ## - NÚMERO DE COPYRIGHT O DE DEPÓSITO LEGAL
Número de copyright o de depósito legal AB 304-2009
020 ## - NÚMERO INTERNACIONAL ESTÁNDAR DEL LIBRO
Número Internacional Estándar del Libro 9788496800274
080 ## - NÚMERO DE LA CLASIFICACIÓN DECIMAL UNIVERSAL
Número de la Clasificación Decimal Universal 592(282.246.12)
100 1# - ENTRADA PRINCIPAL--NOMBRE DE PERSONA
Nombre de persona Rueda Sevilla, Juan.
9 (RLIN) 145552
245 10 - MENCIÓN DEL TÍTULO
Título Atlas fotográfico de los invertebrados acuáticos de la cuenca del río Júcar en la provincia de Albacete
Resto del título : (incluye claves de determinación) /
Mención de responsabilidad, etc. Juan Rueda Sevilla, Ramón Hernández Villar.
260 ## - PUBLICACIÓN, DISTRIBUCIÓN, ETC.
Lugar de publicación, distribución, etc. Albacete :
Nombre del editor, distribuidor, etc. Instituto de Estudios Albacetenses "Don Juan Manuel",
Fecha de publicación, distribución, etc. 2009.
300 ## - DESCRIPCIÓN FÍSICA
Extensión 323 p. :
Otras características físicas il. col. y n., planos, fot. ;
Dimensiones 24 cm.
490 1# - MENCIÓN DE SERIE
Mención de serie Serie I. Estudios ;
Designación de volumen o secuencia 187
500 ## - NOTA GENERAL
Nota general Índices.
504 ## - NOTA DE BIBLIOGRAFÍA, ETC.
Nota de bibliografía, etc. Bibliografía: p. 49-51.
650 #7 - PUNTO DE ACCESO ADICIONAL DE MATERIA--TÉRMINO DE MATERIA
Término de materia o nombre geográfico como elemento de entrada Invertebrados-
Subdivisión geográfica Júcar (España, Río)
9 (RLIN) 145553
650 04 - PUNTO DE ACCESO ADICIONAL DE MATERIA--TÉRMINO DE MATERIA
Término de materia o nombre geográfico como elemento de entrada Invertebrados.
9 (RLIN) 13891
700 1# - ENTRADA AGREGADA--NOMBRE PERSONAL
Nombre de persona Hernández Villar, Ramón.
9 (RLIN) 145554
710 2# - ENTRADA AGREGADA--NOMBRE DE ENTIDAD CORPORATIVA
Nombre de entidad corporativa o nombre de jurisdicción como elemento de entrada Instituto de Estudios Albacetenses.
9 (RLIN) 4884
830 0# - PUNTO DE ACCESO ADICIONAL DE SERIE-TÍTULO UNIFORME
Título uniforme Serie I. Estudios ;
Designación de volumen o secuencia 187
9 (RLIN) 179228
852 ## - LOCALIZACIÓN
Ubicación ES-MaACL
itemnumber 184080
Sublocalización o colección R.145420
Número de control de estantería A-11025
Signatura antigua Olim: N-4030
Ubicación en estantería Depósito 1
942 ## - ELEMENTOS DE ENTRADA SECUNDARIOS (KOHA)
Fuente del sistema de clasificación o colocación Clasificación decimal universal
Tipo de ítem Koha Libro impreso
Holdings
Estatus retirado Estado de pérdida Fuente del sistema de clasificación o colocación Estado de daño No para préstamo Biblioteca de origen Biblioteca actual Ubicación en estantería Fecha de adquisición Fuente de adquisición Total de préstamos Signatura topográfica completa Código de barras Visto por última vez Precio de reemplazo Tipo de ítem Koha
    Clasificación decimal universal     Biblioteca del Ateneo de Madrid Biblioteca del Ateneo de Madrid Depósito 1 10/03/2011 Donación   A-11025 1186174 23/02/2023 23/02/2023 Libro impreso